La vie à Toulouse sous Louis-Philippe : 1830-1848 /

Bibliographic Details
Main Author: Arlet, Jacques
Format: Book
Language:French
Published: Portet-sur-Garonne : Loubatières, [1994]
Subjects:

MARC

Tag First Indicator Second Indicator Subfields
LEADER 00000cam a22000005 4500
001 in00001251621
005 20151003074619.0
008 950918s1994 fr 000 0 fre d
020 |a 2862662186 
035 |a (OCoLC)33148124 
035 |9 AGU1073AM 
040 |a EYM  |c EYM  |d TXA  |d UtOrBLW 
049 |a TXAM 
090 |a DC268  |b .A75 1994 
100 1 |a Arlet, Jacques. 
245 1 3 |a La vie à Toulouse sous Louis-Philippe :  |b 1830-1848 /  |c Jacques Arlet. 
264 1 |a Portet-sur-Garonne :  |b Loubatières,  |c [1994] 
264 4 |c ©1994 
300 |a 277 pages :  |b illustrations ;  |c 24 cm. 
336 |a text  |b txt  |2 rdacontent 
337 |a unmediated  |b n  |2 rdamedia 
338 |a volume  |b nc  |2 rdacarrier 
600 0 0 |a Louis Philippe,  |c King of the French,  |d 1773-1850. 
651 0 |a Toulouse (France)  |x History. 
651 0 |a Toulouse (France)  |x Civilization. 
651 0 |a Toulouse (France)  |x Economic conditions. 
999 |a MARS 
999 f f |s 57569c29-3897-31c6-9aeb-0175bbf7bbbd  |i 32264537-5776-373b-9e9d-31eac0561b59  |t 0 
952 f f |p ric  |a Texas A&M University  |b Rellis Campus  |c Joint Library Facility  |d Remote Storage  |t 0  |e DC268 .A75 1994  |h Library of Congress classification  |i unmediated -- volume  |m A14819581581 
998 f f |a DC268 .A75 1994  |t 0  |l Remote Storage